Manual teórico-práctico de las operaciones de cirugía, para instrucción de los alumnos de la Escuela de Palma de Mallorca / (Record no. 103041)
[ view plain ]
| 000 -LEADER | |
|---|---|
| campo de control de longitud fija | 00807nam a2200229 i 4500 |
| 001 - NÚMERO DE CONTROL | |
| campo de control | 103041 |
| 003 - IDENTIFICADOR DE NÚMERO DE CONTROL | |
| campo de control | ES-MaACL |
| 005 - FECHA Y HORA DE LA ÚLTIMA TRANSACCIÓN | |
| campo de control | 20250806085410.0 |
| 007 - CAMPO FIJO DE DESCRIPCIÓN FÍSICA--INFORMACIÓN GENERAL | |
| campo de control de longitud fija | t| |
| 008 - DATOS DE LONGITUD FIJA--INFORMACIÓN GENERAL | |
| campo de control de longitud fija | 060104s1793 sp ||||1| spa d |
| 080 ## - NÚMERO DE LA CLASIFICACIÓN DECIMAL UNIVERSAL | |
| Número de la Clasificación Decimal Universal | 616-089 |
| 080 ## - NÚMERO DE LA CLASIFICACIÓN DECIMAL UNIVERSAL | |
| Número de la Clasificación Decimal Universal | 617 |
| 245 00 - MENCIÓN DEL TÍTULO | |
| Título | Manual teórico-práctico de las operaciones de cirugía, para instrucción de los alumnos de la Escuela de Palma de Mallorca / |
| Mención de responsabilidad, etc. | compuesto por los maestros de ella |
| 260 ## - PUBLICACIÓN, DISTRIBUCIÓN, ETC. | |
| Lugar de publicación, distribución, etc. | En Barcelona : |
| Nombre del editor, distribuidor, etc. | por Carlos Gibert y Tutó, |
| Fecha de publicación, distribución, etc. | 1793 |
| 300 ## - DESCRIPCIÓN FÍSICA | |
| Extensión | [12], 159 páginas ; |
| Dimensiones | 20 cm |
| 650 #7 - PUNTO DE ACCESO ADICIONAL DE MATERIA--TÉRMINO DE MATERIA | |
| Término de materia o nombre geográfico como elemento de entrada | Cirugía |
| Fuente del encabezamiento o término | embne |
| 9 (RLIN) | 11050 |
| 650 #4 - PUNTO DE ACCESO ADICIONAL DE MATERIA--TÉRMINO DE MATERIA | |
| Término de materia o nombre geográfico como elemento de entrada | Cirugía- |
| Subdivisión general | Enseñanza- |
| Subdivisión geográfica | Mallorca |
| 9 (RLIN) | 11052 |
| 852 ## - LOCALIZACIÓN | |
| Ubicación | ES-MaACL |
| Ubicación en estantería | Depósito |
| Marcas de propiedad | Ex libris de Mateo Seoane |
| Número de control de estantería | R-3430(1) |
| 942 ## - ELEMENTOS DE ENTRADA SECUNDARIOS (KOHA) | |
| Fuente del sistema de clasificación o colocación | Clasificación decimal universal |
| Tipo de ítem Koha | Libro impreso antiguo |
| Suprimir en OPAC | No |
| Estatus retirado | Estado de pérdida | Estado de daño | No para préstamo | Colección | Biblioteca de origen | Biblioteca actual | Ubicación en estantería | Fecha de adquisición | Fuente de adquisición | Total de préstamos | Signatura topográfica completa | Código de barras | Visto por última vez | Precio de reemplazo | Tipo de ítem Koha |
|---|---|---|---|---|---|---|---|---|---|---|---|---|---|---|---|
| Libros del s. XVIII | Biblioteca del Ateneo de Madrid | Biblioteca del Ateneo de Madrid | Depósito | 17/01/2008 | R-3430(1) | 1107598 | 23/02/2023 | 23/02/2023 | Libro impreso antiguo |
